Handbook of the history of general topology
Αποθηκεύτηκε σε:
| Άλλοι συγγραφείς: | , |
|---|---|
| Μορφή: | Βιβλίο |
| Γλώσσα: | English |
| Δημοσίευση: |
Dordrecht :
Kluwer Academic Publishers,
c1997.
|
| Θέματα: | |
| Ετικέτες: |
Προσθήκη ετικέτας
Δεν υπάρχουν, Καταχωρήστε ετικέτα πρώτοι!
|
MARC
| LEADER | 00000cam a2200000 i 4500 | ||
|---|---|---|---|
| 001 | 1/105761 | ||
| 008 | 991111s1997 ne ||| | eng|| | ||
| 020 | |a 0792350308 |q (v.2) | ||
| 020 | |a 0792344790 |q (v.1) | ||
| 035 | |l 10059375 | ||
| 040 | |a GR-MyUA |b gre |e AACR2 | ||
| 041 | 0 | |a eng | |
| 082 | 0 | |a 514.09 | |
| 245 | 1 | 0 | |a Handbook of the history of general topology / |c edited by C. E. Aull and R. Lowen. |
| 260 | |a Dordrecht : |b Kluwer Academic Publishers, |c c1997. | ||
| 300 | |a 2 τ. : |b εικ. ; |c 25 εκ. | ||
| 504 | |a Περιέχει βιβλιογραφικές αναφορές και ευρετήριο. | ||
| 650 | 0 | 0 | |a Topology |x History. |
| 700 | 1 | |a Aull, Charles E., |d 1927- |e edt | |
| 700 | 1 | |a Lowen, R. |q (Robert) |e edt | |
| 852 | |a INST |b SAMOS |e 19991111 |h 514.09 HAN |p 005300016793 |q 005300016793 |t BK |y 0 |z v.1 | ||
| 852 | |a INST |b SAMOS |e 20000328 |h 514.09 HAN |p 005300017842 |q 005300017842 |t BK |y 4 |x 20200312 |z v.2 | ||
| 852 | |a INST |b SAMOS |e 19991111 |h 514.09 HAN |p 005300016793 |q 005300016793 |t BK |v v.1: |y 0 |z v.1 | ||
| 852 | |a INST |b SAMOS |e 20000328 |h 514.09 HAN |p 005300017842 |q 005300017842 |t BK |v v.2: |y 4 |x 20200312 |z v.2 | ||
| 853 | |a INST |b SAMOS |h 514.09 HAN | ||
| 901 | |a BIBL3-2000-1 | ||
| 901 | |a BIBL3-1999-3 | ||
| 909 | |a Σ |b 076884 | ||
| 909 | |a Σ |b 067473 | ||
| 922 | |a 3ΕΛΗ |b 200003 |c ΤΜΗΜΑ ΜΑΘΗΜΑΤΙΚΩΝ |d ΠΑΠΑΣΩΤΗΡΙΟΥ | ||
| 922 | |a 3ΕΛΗ |b 199907 |c ΕΠΕΑΕΚ/ΜΑΘ |d ΠΑΠΑΣΩΤΗΡΙΟΥ | ||
| 950 | |a 116-2000-01-19 | ||
| 970 | |a ΚΟΣΙΕΡΗΣ |b ΧΡΗΣΤΟΣ |z 2000/03/29 | ||